zpět

Detail výsledku týmu

Záložna ST, Pardubice

Datum a čas kvízu

20 Celkem bodů Celkový počet nahraných bodů na tomto kvízu bez doplňovacích otázek.
13. Pořadí na kvízu Konečné umístění týmu na tomto kvízu.

Zaznamenané odpovědi

# Otázka Odpověď Body Výsledky
1. V pondělí byly vyhlášeny výsle... motýle 0
2. Britský deník The Times zveřej... Mikuláš Minář 0
3. Nejvíce nominací na Ceny filmo... Staříci, Vlastníci 0
4. Česká obchodní inspekce řeší p... geoblocking 0
5. Minulý týden se ve Švýcarsku k... Spenglerův pohár, Davos 0
6. 1. ledna došlo k růstu minimál... 14 600 Kč (uznáváme 14 100–15 100) 0
7. V jednom z francouzských zámoř... Nová Kaledonie 0
8. Nový čínský rok začíná 25. led... kryse 1
9. Nejbezpečnějšími aerolinkami p... Qantas 0
10. V červenci a srpnu se v Japons... D 0